Tratado de historia de las religiones

Gespeichert in:
Bibliographische Detailangaben
1. Verfasser: Eliade, Mircea (VerfasserIn)
Format: Buch
Sprache:Spanisch
Veröffentlicht: Ciudad de México Biblioteca Era 1972
Schlagworte:
Tags: Tag hinzufügen
Keine Tags, Fügen Sie den ersten Tag hinzu!

MARC

LEADER 00000nam a2200000 a 4500
001 UCZ7397
003 CL-VaPUC
008 960105e19720000MX |||||||||||||||||spa|d
082 0 4 |a 291  |b ELI  |2 21 
100 0 |a Eliade, Mircea  |e author  |9 352241 
245 1 0 |a Tratado de historia de las religiones 
300 |a 462 p 
942 |c BK 
945 |d 19960105 00:00:00  |a rleighto 
260 |a Ciudad de México  |b Biblioteca Era  |c 1972 
650 0 |a Religión   |9 255164 
650 0 |a Historia religiosa  |9 314583 
650 0 |a Teología   |9 258766 
650 7 |a PRACTICA RELIGIOSA  |2 CL-VaPUC  |9 352242 
650 7 |a CULTOS  |2 CL-VaPUC  |9 352243 
650 7 |a RITOS  |2 CL-VaPUC  |9 337654 
650 7 |a PRACTICAS ESOTERICAS  |2 CL-VaPUC  |9 337269 
650 7 |a TEMPLOS  |2 CL-VaPUC  |9 266644 
583 |a last modification  |c 19960105 00:00:00  |k Rodrigo Vera 
999 |c 243482  |d 243480 
952 |0 0  |1 0  |4 0  |6 291_000000000000000_ELI_1972  |7 0  |8 A  |9 257132  |a BIBEDU  |b BIBEDU  |d 2019-11-19  |i 3164004  |l 1  |o 291 ELI 1972  |p 3164004  |r 2024-04-11  |s 2024-04-10  |w 2019-11-19  |y BK  |k EDU 
952 |0 0  |1 0  |4 0  |6 291_000000000000000_ELI_1972  |7 0  |8 P  |9 257133  |a BIBARQ  |b BIBARQ  |d 2019-11-19  |i 3198928  |l 2  |o 291 ELI 1972  |p 3198928  |r 2025-01-20  |s 2022-09-20  |w 2019-11-19  |y BK  |k ARQ